Compendium of nut crop diseases in temperate zones

Furkejuvvon:
Bibliográfalaš dieđut
Váldodahkkit: Teviotdale, Beth L (Dahkki), Michailides, Themis J (Dahkki), Pscheidt, Jay W (Dahkki)
Materiálatiipa: Girji
Giella:eaŋgalasgiella
Almmustuhtton: Minneapolis APS 2002
Ráidu:The Disease Compendium Series
Fáttát:
Fáddágilkorat: Lasit fáddágilkoriid
Eai fáddágilkorat, Lasit vuosttaš fáddágilkora!

MARC

LEADER 00000nam a2200000 a 4500
001 UCL4079
003 CL-VaPUC
008 031219e20020000US |||||||||||||||||eng|d
020 |a 0890542848 
082 0 4 |a 634.5  |b TEV  |2 21 
100 0 |a Teviotdale, Beth L  |e author  |9 481583 
700 0 |a Michailides, Themis J  |e author  |9 481584 
700 0 |a Pscheidt, Jay W  |e author  |9 481585 
245 1 0 |a Compendium of nut crop diseases in temperate zones 
300 |a 89 p 
942 |c BK 
945 |d 20031219 00:00:00  |a cmena 
260 |a Minneapolis  |b APS  |c 2002 
650 7 |a NUEZ  |2 CL-VaPUC  |9 481586 
650 0 |a Enfermedades de las plantas  |9 259687 
650 0 |a Control de plagas  |9 327373 
583 |a last modification  |c 20130429 10:22:44  |k Rodrigo Vera 
490 0 |a The Disease Compendium Series 
999 |c 307025  |d 307023 
952 |0 0  |1 0  |4 0  |6 634_500000000000000_TEV_2002  |7 0  |8 A  |9 372491  |a BIBAGR  |b BIBAGR  |d 2019-11-21  |i 3977307  |l 1  |m 1  |o 634.5 TEV 2002  |p 3977307  |r 2025-01-20  |s 2022-03-09  |w 2019-11-21  |y BK  |k AGR